书目信息 |
| 题名: |
中国少数民族服饰
|
|
| 作者: | 韦荣慧 编著 | |
| 分册: | ||
| 出版信息: | 北京 中国画报出版社 2004 |
|
| 页数: | 172页 | |
| 开本: | 20cm | |
| 丛书名: | 二十一世纪中国少数民族系列丛书 | |
| 单 册: | ||
| 中图分类: | TS941.742.8 | |
| 科图分类: | ||
| 主题词: | 少数民族 , 服饰 , 少数民族--服饰--研究--中国 , 服装工业 | |
| 电子资源: | ||
| ISBN: | 7-80024-694-9 | |
| 000 | 00993oam2 2200289 450 | |
| 001 | 002587183 | |
| 005 | 20061101164817.85 | |
| 010 | @a7-80024-694-9@dCNY25.50 | |
| 100 | @a20040225d2004 em y0chiy0110 ea | |
| 101 | 0 | @achi |
| 102 | @aCN@b110000 | |
| 105 | @aa z 000yy | |
| 200 | 1 | @a中国少数民族服饰@9zhong guo shao shu min zu fu shi@f韦荣慧编著 |
| 210 | @a北京@c中国画报出版社@d2004 | |
| 215 | @a172页@c照片,图@d20cm | |
| 225 | 2 | @a二十一世纪中国少数民族系列丛书@v3 |
| 330 | @a该书研究了各少数民族服饰的特点,即蒙古族、回族、藏族、维吾尔族、苗族、彝族、壮族、布依族、朝鲜族、满族、侗族、瑶族、白族、土家族、哈尼族等。 | |
| 461 | 0 | @12001 @a二十一世纪中国少数民族系列丛书@v3 |
| 510 | 1 | @aCostumes of the Ethnic Groups in China@zeng |
| 606 | 0 | @a少数民族 |
| 606 | 0 | @a服饰 |
| 606 | 0 | @a少数民族@x服饰@x研究@y中国 |
| 606 | 0 | @a服装工业 |
| 690 | @aTS941.742.8@v4 | |
| 701 | 0 | @a韦荣慧@9wei rong hui@4编著 |
| 801 | 0 | @aCN@bNLC@c20061101 |
| 905 | @a10447@dTS941.742.8@e39 | |
| 中国少数民族服饰/韦荣慧编著.-北京:中国画报出版社,2004 |
| 172页:照片,图;20cm.-(二十一世纪中国少数民族系列丛书;3) |
| ISBN 7-80024-694-9:CNY25.50 |
| 该书研究了各少数民族服饰的特点,即蒙古族、回族、藏族、维吾尔族、苗族、彝族、壮族、布依族、朝鲜族、满族、侗族、瑶族、白族、土家族、哈尼族等。 |
| ● |
| 相关链接 |
|
|
|
|
正题名:中国少数民族服饰
索取号:TS941.742.8/39
 
预约/预借
| 序号 | 登录号 | 条形码 | 馆藏地/架位号 | 状态 | 备注 |
| 1 | 0387159 | 203871596 | 第二样本阅览室/ [索取号:TS941.742.8/39] | 在馆 | |
| 2 | 0387160 | 203871603 | 第三借阅区/ [索取号:TS941.742.8/39] | 在馆 | |
| 3 | 0387161 | 203871612 | 第三借阅区/ [索取号:TS941.742.8/39] | 在馆 | |
| 4 | 0387162 | 203871621 | 第三借阅区/ [索取号:TS941.742.8/39] | 在馆 | |
| 5 | 0387163 | 203871630 | 第三借阅区/ [索取号:TS941.742.8/39] | 在馆 |